IP Switching and Routing Essentials : Understanding RIP, OSPF, BGP, MPLS, CR-LDP, and RSVP-TE /
Esta publicación desarrolla el tema de Internet y su funcionamiento técnico y uso. Se introducen conceptos básicos como los protocolos de comunicación, transporte de información sin conexión y con conexión, y redes de comunicación. Examina tres rutas de protocolo OSPF, RIP, BGP y cómo éstas son usad...
Na minha lista:
| Autor principal: | |
|---|---|
| Formato: | Livro |
| Idioma: | inglês |
| Publicado em: |
Nueva York, EUA :
Wiley,
2002, c2002
|
| Assuntos: | |
| Tags: |
Sem tags, seja o primeiro a adicionar uma tag!
|
MARC
| LEADER | 00000nam^a2200000^a^4500 | ||
|---|---|---|---|
| 001 | 000136573 | ||
| 005 | 20250521000000.0 | ||
| 009 | 20260310095322.905 | ||
| 020 | |a 0-471-03466-5 | ||
| 037 | |a Acervo ITESO - Biblioteca | ||
| 041 | |a ING | ||
| 082 | |a 621. 38212 |b THO | ||
| 100 | |a Thomas, Stephen A. |e (autor) | ||
| 245 | 1 | 0 | |a IP Switching and Routing Essentials : |b Understanding RIP, OSPF, BGP, MPLS, CR-LDP, and RSVP-TE / |c S.A. Thomas. |
| 264 | 4 | |a Nueva York, EUA : |b Wiley, |c 2002, c2002 | |
| 300 | |a IX, 358 p. | ||
| 336 | |a texto |b txt |2 rdacontenido | ||
| 337 | |a sin mediación |b n |2 rdamedio | ||
| 338 | |a volumen |b nc |2 rdasoporte | ||
| 520 | |a Esta publicación desarrolla el tema de Internet y su funcionamiento técnico y uso. Se introducen conceptos básicos como los protocolos de comunicación, transporte de información sin conexión y con conexión, y redes de comunicación. Examina tres rutas de protocolo OSPF, RIP, BGP y cómo éstas son usadas en las redes reales, así como su sintaxis y semántica interna. | ||
| 649 | |a XX | ||
| 650 | |a Protocolos de Comunicación - |x Tema Principal | ||
| 650 | |a Transmisión de Datos | ||
| 650 | |a Internet | ||
| 650 | |a Redes de Computadoras | ||
| 650 | |a Comunicación en Red | ||
| 650 | |a Redes de Computadoras | ||
| 650 | |a Sistemas de Telecomunicación | ||
| 650 | |a Telecomunicaciones | ||
| 650 | |a Ingeniería Computacional | ||
| 910 | |a Fondo General | ||
| 920 | |a Impresos - Libros | ||
| 930 | |a Colección General | ||
| 905 | |a 101 | ||
| 901 | |a 0500065242 |b IT1 |c ACC |u 20250521 | ||
| 902 | |a https://opac.biblio.iteso.mx/vufind/Record/000136573 | ||